000 01467nam a2200229Ia 4500
003 Ost
005 20260507075039.0
008 260507s9999||||xx |||||||||||||| ||und||
040 _cfsecg
041 _aara
082 _a330
100 _aنايفة، عدنان
_eمؤلف
245 0 _aالعلوم والتكنولوجيا في الوطن العربي الواقع والطموح /
_c عدنان نايفة
260 _aعمان:
_bمؤسسة عبد الحميد شومان,
_c2002
300 _a462 صفحة؛
_bإيضاحات ؛
_c24 سم
520 _aالعلوم والتكنولوجيا في العالم المعاصر،مداخلات الحضور وتعقيبات المحاضر،سياسة العلم والتكنولوجيا في ماليزيا،العلوم والتكنولوجيا والتنمية السياسية،واقع العلوم والتكنولوجيا في السعودية،آليات تطوير التعليم العالي في الوطن العربي من أجل المستقبل،دور مؤسسات التعليم العالي ومراكز البحث العلمي،التجارة الالكترونية في الوطن العربي،نحو صياغةاستراتيجية للعلوم والتكنولوجيا في الوطن العربي
653 _aالأقليات
653 _aالتكنولوجيا
653 _aالعلوم
700 _aالسلمي، علي وآخرون
_eمؤلف ثانوي
942 _cكتاب
999 _c42488
_d42488